000
00298nam a22001337a 4500
082
_a
494
_b
GUP/C
100
_a
GUPTA, PARAS
245
_a
CUET - HINDI
246
_a
CUET - HINDI
_b
CUET - HINDI
260
_a
NEW DELHI
_b
INTER UNIVERSITY PRESS
_c
2024
300
_a
164
650
_a
HINDI
942
_c
BK
999
_c
8940
_d
8940